[Event "Budapest Vezerkepzo Pentecost GM1"]
[Site "Budapest"]
[Date "2023.05.19"]
[Round "2"]
[White "Sedlak, Nikola"]
[Black "Sahithi Varshini, M."]
[Result "1-0"]
[WhiteElo "2435"]
[BlackElo "2249"]
[PlyCount "91"]
[EventDate "2023.05.18"]
[EventType "tourn"]
[EventRounds "9"]
[EventCountry "HUN"]
[EventCategory "6"]
[SourceTitle "CBM 214 Extra"]
[Source "ChessBase"]
[SourceDate "2023.07.31"]
[SourceVersion "1"]
[SourceVersionDate "2023.07.31"]
[SourceQuality "1"]

1. Nf3 d5 2. g3 Nf6 3. Bg2 g6 4. b3 Bg7 5. Bb2 0-0 6. c4 c6 7. 0-0 a5 8. Nc3 Bg4 9. Ne5 d4 10. Nxg4 Nxg4 11. Ne4 h5 12. d3 Re8 13. a3 Na6 14. Bc1 f5 15. Ng5 e5 16. b4 Nc7 17. b5 Ne6 18. Nxe6 Rxe6 19. h3 Nh6 20. c5 Qe8 21. bxc6 bxc6 22. Bxh6 Bxh6 23. Rb1 Ra7 24. Rb6 Bg7 25. Qb1 Kh7 26. Rb8 Qe7 27. Qb6 e4 28. Re8 Qxe8 29. Qxa7 Qd8 30. Qb6 Qg5 31. Qxa5 f4 32. dxe4 fxg3 33. f4 Qh4 34. e5 Bh6 35. Qb4 Qd8 36. Qb3 Re7 37. Qxg3 Qa5 38. Bxc6 Qxc5 39. Be4 Rg7 40. Kh1 Qb5 41. Qf3 Kh8 42. Rb1 Qe8 43. Rb6 Rg8 44. Rf6 Rg7 45. f5 Qxe5 46. fxg6 1-0

[Event "Sunway Formentera op 2nd"]
[Site "Sant Ferran de ses Roques"]
[Date "2023.04.24"]
[Round "6"]
[White "Sahithi Varshini, M."]
[Black "Grutter, Tim"]
[Result "1-0"]
[WhiteElo "2260"]
[BlackElo "2353"]
[PlyCount "63"]
[EventDate "2023.04.18"]
[EventType "swiss"]
[EventRounds "10"]
[EventCountry "ESP"]
[SourceTitle "CBM 213 Extra"]
[Source "ChessBase"]
[SourceDate "2023.05.31"]
[SourceVersion "1"]
[SourceVersionDate "2023.05.31"]
[SourceQuality "1"]

1. e4 c5 2. Nf3 e6 3. d4 cxd4 4. Nxd4 Nc6 5. Nc3 Qc7 6. Be3 a6 7. Qf3 Nf6 8. 0-0-0 Ne5 9. Qg3 b5 10. Bf4 d6 11. Bxe5 dxe5 12. Bxb5+ axb5 13. Ncxb5 Qc5 14. b4 Qb6 15. Qxe5 Bxb4 16. Nc7+ Kf8 17. Nxa8 Ba3+ 18. Kd2 Qb7 19. Rb1 Bb4+ 20. Kd3 Ng4 21. Qc7 Nxf2+ 22. Kc4 Qxc7+ 23. Nxc7 Nxh1 24. Kxb4 Nf2 25. Nc6 f6 26. Ka5 Kf7 27. Rb8 Rf8 28. Kb6 Nxe4 29. a4 Nd6 30. Nb5 Nxb5 31. axb5 e5 32. Kc7 1-0

[Event "Reykjavik op"]
[Site "Reykjavik"]
[Date "2023.04.02"]
[Round "7"]
[White "Sahithi Varshini, M."]
[Black "Demuth, Adrien"]
[Result "0-1"]
[WhiteElo "2262"]
[BlackElo "2475"]
[PlyCount "166"]
[EventDate "2023.03.29"]
[EventType "swiss"]
[EventRounds "9"]
[EventCountry "ISL"]
[SourceTitle "CBM 213 Extra"]
[Source "ChessBase"]
[SourceDate "2023.05.31"]
[SourceVersion "1"]
[SourceVersionDate "2023.05.31"]
[SourceQuality "1"]

1. e4 c5 2. Nf3 d6 3. d4 cxd4 4. Nxd4 Nf6 5. Nc3 Nc6 6. Bc4 e6 7. Be3 a6 8. Bb3 Qc7 9. Qe2 Na5 10. a4 Be7 11. 0-0 0-0 12. Rfd1 Bd7 13. f3 Rac8 14. Qf2 Nc4 15. Bxc4 Qxc4 16. a5 e5 17. Nb3 Qc6 18. Nc1 h6 19. Nd3 Qc4 20. g4 Qe6 21. Nb4 Rxc3 22. bxc3 Rc8 23. Ra3 Nxe4 24. Qe1 Nf6 25. h3 Qc4 26. Bf2 Be6 27. Kg2 Nd5 28. Nxd5 Bxd5 29. Rb3 Bc6 30. Rb4 Qe6 31. Qe2 Qa2 32. Bb6 Bb5 33. Qd2 Bg5 34. Be3 Bxe3 35. Qxe3 Qxc2+ 36. Rd2 Qxc3 37. Qxc3 Rxc3 38. f4 Bc6+ 39. Kh2 exf4 40. Rxf4 d5 41. Rff2 Rc5 42. Ra2 d4 43. Rad2 Rd5 44. Rf4 d3 45. Rf3 Bb5 46. Re3 Kf8 47. Kg3 f6 48. h4 Kf7 49. Re1 Rc5 50. Kf4 Rc3 51. Rb1 Rc4+ 52. Kg3 Rc5 53. h5 Ke6 54. Re1+ Kd6 55. Re4 Rg5 56. Kf4 Kc5 57. Re7 Kb4 58. Rc7 Rd5 59. Ke3 Re5+ 60. Kf2 Rg5 61. Rb2+ Kxa5 62. Rxb7 Rxg4 63. Ke3 Rg5 64. Kd4 Rxh5 65. Rxg7 Rh4+ 66. Kc3 h5 67. Rg6 Rc4+ 68. Kd2 Rf4 69. Ke3 Rf5 70. Rh6 Re5+ 71. Kf3 Rf5+ 72. Ke4 Re5+ 73. Kf3 Rf5+ 74. Ke3 Ka4 75. Rh2 Kb3 76. Kd2 Rc5 77. R2xh5 Rc2+ 78. Kd1 Rf2 79. Rc5 Kb4 80. Rd5 Kc3 81. Ke1 Re2+ 82. Kf1 d2 83. Rh3+ Re3+ 0-1

[Event "Reykjavik op"]
[Site "Reykjavik"]
[Date "2023.04.01"]
[Round "5"]
[White "Sahithi Varshini, M."]
[Black "Holand, Per Fredrik"]
[Result "1-0"]
[WhiteElo "2262"]
[BlackElo "2026"]
[PlyCount "65"]
[EventDate "2023.03.29"]
[EventType "swiss"]
[EventRounds "9"]
[EventCountry "ISL"]
[SourceTitle "CBM 213 Extra"]
[Source "ChessBase"]
[SourceDate "2023.05.31"]
[SourceVersion "1"]
[SourceVersionDate "2023.05.31"]
[SourceQuality "1"]

1. e4 c5 2. Nf3 d6 3. d4 cxd4 4. Nxd4 Nf6 5. Nc3 e6 6. g4 h6 7. h4 Nc6 8. Rg1 d5 9. Bb5 Bd7 10. exd5 Nxd5 11. Nxd5 exd5 12. Be3 Qxh4 13. Qd2 Bd6 14. 0-0-0 Kf8 15. Nf5 Bxf5 16. gxf5 d4 17. Bxc6 bxc6 18. Bxd4 f6 19. Be3 Be7 20. Qd7 Rh7 21. Rge1 Qc4 22. Bd4 Re8 23. Qxa7 Kf7 24. Bb6 Qf4+ 25. Kb1 g5 26. Rd7 Kf8 27. Bc5 Qxf5 28. Rdxe7 Rhxe7 29. Rxe7 Rxe7 30. Qxe7+ Kg8 31. Qf8+ Kh7 32. Qf7+ Kh8 33. Bd4 1-0

[Event "Reykjavik op"]
[Site "Reykjavik"]
[Date "2023.03.30"]
[Round "2"]
[White "Panchanathan, Magesh Chandran"]
[Black "Sahithi Varshini, M."]
[Result "1-0"]
[WhiteElo "2460"]
[BlackElo "2262"]
[PlyCount "85"]
[EventDate "2023.03.29"]
[EventType "swiss"]
[EventRounds "9"]
[EventCountry "ISL"]
[SourceTitle "CBM 213 Extra"]
[Source "ChessBase"]
[SourceDate "2023.05.31"]
[SourceVersion "1"]
[SourceVersionDate "2023.05.31"]
[SourceQuality "1"]

1. c4 e5 2. Nc3 Nf6 3. Nf3 Nc6 4. a3 d5 5. cxd5 Nxd5 6. Qc2 f5 7. e4 Nf6 8. Bb5 Bd7 9. 0-0 Bd6 10. exf5 Nd4 11. Nxd4 exd4 12. Bxd7+ Qxd7 13. Ne4 0-0-0 14. Nxd6+ Qxd6 15. Qd3 h5 16. b4 h4 17. Qh3 Qc6 18. d3 Rh5 19. Bf4 Qd7 20. Rac1 c6 21. b5 Nd5 22. bxc6 bxc6 23. Bd2 Rf8 24. g4 Rhh8 25. Rfe1 g6 26. fxg6 Rhg8 27. Qxh4 Rxg6 28. g5 Nc3 29. Qg3 Rg7 30. Bxc3 dxc3 31. Rxc3 Rgf7 32. Rec1 Rf4 33. Rxc6+ Kd8 34. Rc8+ Qxc8 35. Rxc8+ Kxc8 36. g6 R4f6 37. h4 Kd7 38. h5 Rg8 39. Qe5 Rfxg6+ 40. hxg6 Rxg6+ 41. Kf1 Re6 42. Qxe6+ Kxe6 43. Ke2 1-0